Entre la nieve hubo siete soldaditos de juguete (Record no. 20326)

MARC details
000 -CABECERA
campo de control de longitud fija 00730nam a2200217 a 4500
003 - IDENTIFICADOR DEL NÚMERO DE CONTROL
campo de control MX-MxUPN
005 - FECHA Y HORA DE LA ÚLTIMA TRANSACCIÓN
campo de control 20241129092600.0
008 - ELEMENTOS DE LONGITUD FIJA--INFORMACIÓN GENERAL
campo de control de longitud fija 991125s1939 mx a r 000 0 spa d
035 ## - NÚMERO DE CONTROL DEL SISTEMA
Número de control de sistema UPN01000020326
040 ## - FUENTE DE LA CATALOGACIÓN
Centro catalogador/agencia de origen MX-MxUPN
Lengua de catalogación spa
Centro/agencia transcriptor MX-MxUPN
041 0# - CÓDIGO DE IDIOMA
Código de lengua del texto/banda sonora o título independiente spa
050 14 - SIGNATURA TOPOGRÁFICA DE LA BIBLIOTECA DEL CONGRESO
Número de clasificación PZ74.9
Número de documento/Ítem A4 no.18
100 0# - ASIENTO PRINCIPAL--NOMBRE PERSONAL
Nombre de persona Antoniorrobles,
Fechas asociadas al nombre 1895-1983
9 (RLIN) 28525
245 10 - MENCIÓN DE TÍTULO
Título Entre la nieve hubo siete soldaditos de juguete
260 ## - PUBLICACIÓN, DISTRIBUCIÓN, ETC.
Lugar de publicación, distribución, etc. México :
Nombre del editor, distribuidor, etc. Estrella,
Fecha de publicación, distribución, etc. 1939.
300 ## - DESCRIPCIÓN FÍSICA
Extensión 78 páginas :
Otras características físicas ilustraciones
490 0# - MENCIÓN DE SERIE
Mención de serie Aleluyas de rompetacones ;
Designación de volumen o secuencia 18
505 00 - NOTA DE CONTENIDO CON FORMATO PREESTABLECIDO
Título Un rosal que daba rosas, soldaditos y otras cosas --
-- Un juguete extraordinario con forma de dromedario
650 #4 - ASIENTO SECUNDARIO DE MATERIA - TERMINO TEMATICO
Término de materia o nombre geográfico como elemento de entrada Cuentos infantiles españoles
9 (RLIN) 7725
Holdings
Estado de retiro Estado de pérdida Fuente del sistema de clasificación o colocación Estado dañado No para préstamo Código de colección Localización permanente Ubicación/localización actual Ubicación en estantería Fecha de adquisición Clasificación Código de barras Fecha visto por última vez Número de copia Tipo de ítem Koha Total de préstamos Precio válido a partir de Nota pública
    Library of Congress Classification     Infantil Bib. Gregorio Torres Quintero Bib. Gregorio Torres Quintero Sala infantil Planta baja 10/05/2023 PZ74.9 A4 no.18 45366 31/12/2020 1 Libro      
    Library of Congress Classification   Disponible (Previa cita) Fondo Reservado de libros Bib. Gregorio Torres Quintero Bib. Gregorio Torres Quintero Sala de Fondos Reservados Planta alta 29/11/2024 PZ74.9 A4 no.18 340501 29/11/2024 Ej.2 Libro   29/11/2024 Ejemplar con sello de la Biblioteca del Instituto Nacional de Pedagogía